[Event "European Women's Chess Club Cup 2023"]
[Site "Durres, Albania"]
[Date "2023.10.06"]
[Round "6.23"]
[White "Djukic, Sandra"]
[Black "Velikic, Adela"]
[Result "0-1"]
[TimeControl "90' + 30' & 30\""]
[WhiteElo "2121"]
[BlackElo "2274"]

1. d4 {[%clk 01:30:56]} {[%emt 00:00:03]} d5 {[%clk 01:30:52]} {[%emt
00:00:08]} 2. c4 {[%clk 01:31:07]} {[%emt 00:00:19]} e6 {[%clk 01:31:17]}
{[%emt 00:00:05]} 3. Nf3 {[%clk 01:31:09]} {[%emt 00:00:28]} Nf6 {[%clk
01:31:39]} {[%emt 00:00:09]} 4. cxd5 {[%clk 01:29:51]} {[%emt 00:01:47]} exd5
{[%clk 01:32:01]} {[%emt 00:00:08]} 5. Nc3 {[%clk 01:30:17]} {[%emt 00:00:04]}
Bb4 {[%clk 01:32:21]} {[%emt 00:00:10]} 6. Bg5 {[%clk 01:29:28]} {[%emt
00:01:19]} h6 {[%clk 01:32:43]} {[%emt 00:00:09]} 7. Bh4 {[%clk 01:24:59]}
{[%emt 00:04:59]} g5 {[%clk 01:32:13]} {[%emt 00:01:00]} 8. Bg3 {[%clk
01:25:24]} {[%emt 00:00:04]} Ne4 {[%clk 01:32:37]} {[%emt 00:00:06]} 9. Nd2
{[%clk 01:23:52]} {[%emt 00:02:01]} Nxg3 {[%clk 01:32:53]} {[%emt 00:00:15]} 10.
hxg3 {[%clk 01:23:33]} {[%emt 00:00:49]} c6 {[%clk 01:31:36]} {[%emt 00:01:47]}
11. Qc2 {[%clk 01:14:58]} {[%emt 00:09:05]} Be6 {[%clk 01:14:16]} {[%emt
00:17:51]} 12. e3 {[%clk 01:13:24]} {[%emt 00:02:04]} Nd7 {[%clk 01:13:41]}
{[%emt 00:01:05]} 13. Bd3 {[%clk 00:59:43]} {[%emt 00:14:10]} h5 {[%clk
01:02:36]} {[%emt 00:11:35]} 14. a3 {[%clk 00:46:30]} {[%emt 00:13:44]} Be7
{[%clk 00:47:43]} {[%emt 00:15:23]} 15. Bf5 {[%clk 00:24:27]} {[%emt 00:22:32]}
Nf8 {[%clk 00:44:48]} {[%emt 00:03:25]} 16. g4 {[%clk 00:22:42]} {[%emt
00:02:15]} Qd7 {[%clk 00:36:21]} {[%emt 00:08:58]} 17. Bxe6 {[%clk 00:11:53]}
{[%emt 00:11:18]} Qxe6 {[%clk 00:36:29]} {[%emt 00:00:23]} 18. gxh5 {[%clk
00:02:12]} {[%emt 00:10:11]} Qg4 {[%clk 00:35:14]} {[%emt 00:01:44]} 19. Nf1
{[%clk 00:01:52]} {[%emt 00:00:50]} Qxg2 {[%clk 00:15:23]} {[%emt 00:20:22]} 20.
Ng3 {[%clk 00:02:18]} {[%emt 00:00:04]} Qf3 {[%clk 00:14:54]} {[%emt 00:00:58]}
21. Qe2 {[%clk 00:01:27]} {[%emt 00:01:21]} Qf6 {[%clk 00:09:30]} {[%emt
00:05:54]} 22. Qg4 {[%clk 00:00:34]} {[%emt 00:01:23]} Nd7 {[%clk 00:07:12]}
{[%emt 00:02:48]} 23. Nf5 {[%clk 00:00:49]} {[%emt 00:00:16]} O-O-O {[%clk
00:02:04]} {[%emt 00:05:38]} 24. O-O-O {[%clk 00:00:36]} {[%emt 00:00:43]} Qe6
{[%clk 00:00:35]} {[%emt 00:01:58]} 25. Rdg1 {[%clk 00:00:38]} {[%emt
00:00:28]} Rdg8 {[%clk 00:00:50]} {[%emt 00:00:16]} 26. Na4 {[%clk 00:00:47]}
{[%emt 00:00:21]} Bf8 {[%clk 00:00:41]} {[%emt 00:00:38]} 27. Nc3 {[%clk
00:00:33]} {[%emt 00:00:43]} Nf6 {[%clk 00:00:55]} {[%emt 00:00:17]} 28. Qf3
{[%clk 00:00:38]} {[%emt 00:00:26]} g4 {[%clk 00:00:51]} {[%emt 00:00:34]} 29.
Qf4 {[%clk 00:01:06]} Rxh5 {[%clk 00:00:36]} {[%emt 00:00:45]} 30. Ng3 {[%clk
00:00:35]} {[%emt 00:01:01]} Bh6 {[%clk 00:00:34]} {[%emt 00:00:32]} 31. Qxh6
{[%clk 00:00:45]} {[%emt 00:00:21]} Rxh6 {[%clk 00:01:00]} {[%emt 00:00:04]} 32.
Rxh6 {[%clk 00:01:12]} {[%emt 00:00:02]} Rg6 {[%clk 00:00:54]} {[%emt
00:00:36]} 33. Rh8+ {[%clk 00:00:48]} {[%emt 00:00:53]} Rg8 {[%clk 00:01:03]}
{[%emt 00:00:22]} 34. Rh6 {[%clk 00:01:13]} {[%emt 00:00:05]} Rg6 {[%clk
00:00:49]} {[%emt 00:00:45]} 35. Rh8+ {[%clk 00:01:39]} {[%emt 00:00:04]} Kc7
{[%clk 00:01:03]} {[%emt 00:00:16]} 36. Nce2 {[%clk 00:02:03]} {[%emt
00:00:05]} Rg8 {[%clk 00:00:35]} {[%emt 00:00:58]} 37. Rh6 {[%clk 00:02:28]}
{[%emt 00:00:05]} Rg6 {[%clk 00:00:48]} {[%emt 00:00:18]} 38. Rh8 {[%clk
00:02:24]} {[%emt 00:00:33]} Rg8 {[%clk 00:00:36]} {[%emt 00:00:42]} 39. Rh6
{[%clk 00:02:46]} {[%emt 00:00:08]} Qe7 {[%clk 00:00:36]} {[%emt 00:00:30]} 40.
Nf4 {[%clk 00:01:18]} {[%emt 00:01:57]} Ne4 {[%clk 00:00:35]} {[%emt 00:00:32]}
41. Nxe4 {[%clk 00:28:46]} {[%emt 00:03:01]} Qxe4 {[%clk 00:29:35]} {[%emt
00:01:31]} 42. Rg3 {[%clk 00:27:07]} {[%emt 00:02:08]} Kb6 {[%clk 00:24:41]}
{[%emt 00:05:25]} 43. Kd2 {[%clk 00:27:05]} {[%emt 00:00:33]} Rg5 {[%clk
00:16:16]} {[%emt 00:08:54]} 44. Rf6 {[%clk 00:24:34]} {[%emt 00:03:00]} Qb1
{[%clk 00:12:53]} {[%emt 00:03:53]} 45. Rxf7 {[%clk 00:20:36]} {[%emt
00:04:29]} Qxb2+ {[%clk 00:12:34]} {[%emt 00:00:49]} 46. Ke1 {[%clk 00:20:56]}
{[%emt 00:00:09]} Rg8 {[%clk 00:08:24]} {[%emt 00:04:41]} 47. Ne2 {[%clk
00:12:17]} {[%emt 00:09:09]} Rh8 {[%clk 00:07:40]} {[%emt 00:01:14]} 48. Rg1
{[%clk 00:11:52]} {[%emt 00:00:55]} Rh2 {[%clk 00:04:13]} {[%emt 00:03:57]} 49.
Rg7 {[%clk 00:11:39]} {[%emt 00:00:44]} Qxa3 {[%clk 00:03:44]} {[%emt
00:00:59]} 0-1

[Event "European Women's Chess Club Cup 2023"]
[Site "Durres, Albania"]
[Date "2023.10.06"]
[Round "6.24"]
[White "Srdanovic, Jovana"]
[Black "Trajkovska, Sanja"]
[Result "1-0"]
[TimeControl "90' + 30' & 30\""]
[WhiteElo "2143"]
[BlackElo "1864"]

1. d4 {[%clk 01:30:57]} {[%emt 00:00:02]} f5 {[%clk 01:30:55]} {[%emt
00:00:06]} 2. c4 {[%clk 01:31:22]} {[%emt 00:00:05]} e6 {[%clk 01:31:19]}
{[%emt 00:00:05]} 3. Nc3 {[%clk 01:31:37]} {[%emt 00:00:16]} Nf6 {[%clk
01:31:43]} {[%emt 00:00:06]} 4. g3 {[%clk 01:31:35]} {[%emt 00:00:32]} Be7
{[%clk 01:31:27]} {[%emt 00:00:45]} 5. Bg2 {[%clk 01:31:58]} {[%emt 00:00:07]}
d5 {[%clk 01:30:06]} {[%emt 00:01:51]} 6. Nf3 {[%clk 01:30:26]} {[%emt
00:02:02]} c6 {[%clk 01:28:10]} {[%emt 00:02:26]} 7. O-O {[%clk 01:30:09]}
{[%emt 00:00:48]} Ne4 {[%clk 01:26:55]} {[%emt 00:01:45]} 8. Ne5 {[%clk
01:26:52]} {[%emt 00:03:47]} Nd7 {[%clk 01:24:24]} {[%emt 00:03:00]} 9. Bf4
{[%clk 01:14:30]} {[%emt 00:12:52]} g5 {[%clk 01:21:20]} {[%emt 00:03:35]} 10.
e3 {[%clk 01:02:09]} {[%emt 00:12:52]} h5 {[%clk 01:17:00]} {[%emt 00:04:49]}
11. Nxd7 {[%clk 00:50:06]} {[%emt 00:12:33]} gxf4 {[%clk 01:13:02]} {[%emt
00:04:28]} 12. Ne5 {[%clk 00:50:10]} {[%emt 00:00:26]} fxg3 {[%clk 01:12:12]}
{[%emt 00:01:20]} 13. Nxe4 {[%clk 00:45:49]} {[%emt 00:04:51]} gxh2+ {[%clk
01:09:47]} {[%emt 00:02:55]} 14. Kh1 {[%clk 00:46:09]} {[%emt 00:00:10]} fxe4
{[%clk 01:09:57]} {[%emt 00:00:19]} 15. f3 {[%clk 00:45:16]} {[%emt 00:01:23]}
Bd6 {[%clk 01:06:09]} {[%emt 00:04:18]} 16. fxe4 {[%clk 00:38:30]} {[%emt
00:07:17]} Bxe5 {[%clk 01:02:31]} {[%emt 00:04:07]} 17. dxe5 {[%clk 00:36:55]}
{[%emt 00:02:05]} dxc4 {[%clk 00:57:51]} {[%emt 00:05:10]} 18. Qxd8+ {[%clk
00:28:29]} {[%emt 00:08:56]} Kxd8 {[%clk 00:58:09]} {[%emt 00:00:12]} 19. Rf7
{[%clk 00:28:51]} {[%emt 00:00:08]} b5 {[%clk 00:49:35]} {[%emt 00:09:04]} 20.
Rd1+ {[%clk 00:28:39]} {[%emt 00:00:42]} Ke8 {[%clk 00:49:20]} {[%emt
00:00:45]} 21. Rc7 {[%clk 00:26:03]} {[%emt 00:03:05]} Rf8 {[%clk 00:47:09]}
{[%emt 00:02:41]} 22. Kxh2 {[%clk 00:24:08]} {[%emt 00:02:27]} Rf7 {[%clk
00:41:18]} {[%emt 00:06:21]} 23. Rxc6 {[%clk 00:22:47]} {[%emt 00:01:50]} Bd7
{[%clk 00:39:36]} {[%emt 00:02:12]} 24. Rc7 {[%clk 00:21:54]} {[%emt 00:01:23]}
Kd8 {[%clk 00:35:28]} {[%emt 00:04:37]} 25. Rc5 {[%clk 00:22:10]} {[%emt
00:00:15]} a6 {[%clk 00:31:32]} {[%emt 00:04:26]} 26. Rc6 {[%clk 00:16:57]}
{[%emt 00:05:44]} Ke8 {[%clk 00:29:25]} {[%emt 00:02:37]} 27. Rcd6 {[%clk
00:16:08]} {[%emt 00:01:19]} Ra7 {[%clk 00:29:27]} {[%emt 00:00:25]} 28. R1d2
{[%clk 00:14:21]} {[%emt 00:02:20]} Rg7 {[%clk 00:28:35]} {[%emt 00:01:23]} 29.
Bf3 {[%clk 00:12:21]} {[%emt 00:02:29]} Rg5 {[%clk 00:26:15]} {[%emt 00:02:50]}
30. Kh3 {[%clk 00:11:15]} {[%emt 00:01:36]} Ke7 {[%clk 00:24:30]} {[%emt
00:02:15]} 31. a3 {[%clk 00:08:49]} {[%emt 00:02:56]} Rxe5 {[%clk 00:21:31]}
{[%emt 00:03:29]} 32. Kg3 {[%clk 00:08:16]} {[%emt 00:01:03]} Rc5 {[%clk
00:20:57]} {[%emt 00:01:03]} 33. Kf4 {[%clk 00:08:30]} {[%emt 00:00:17]} c3
{[%clk 00:15:33]} {[%emt 00:05:54]} 34. bxc3 {[%clk 00:08:53]} {[%emt
00:00:08]} Rxc3 {[%clk 00:14:56]} {[%emt 00:01:06]} 35. R2d3 {[%clk 00:07:20]}
{[%emt 00:02:03]} Rxd3 {[%clk 00:12:39]} {[%emt 00:02:47]} 36. Rxd3 {[%clk
00:07:46]} {[%emt 00:00:04]} Be8 {[%clk 00:10:06]} {[%emt 00:03:03]} 37. Rc3
{[%clk 00:06:37]} {[%emt 00:01:39]} a5 {[%clk 00:07:32]} {[%emt 00:03:04]} 38.
e5 {[%clk 00:04:18]} {[%emt 00:02:48]} Kd8 {[%clk 00:02:20]} {[%emt 00:05:42]}
39. Rd3+ {[%clk 00:03:18]} {[%emt 00:01:31]} Kc7 {[%clk 00:01:37]} {[%emt
00:01:13]} 40. Rd6 {[%clk 00:03:07]} {[%emt 00:00:41]} Bf7 {[%clk 00:00:44]}
{[%emt 00:01:23]} 41. Rc6+ {[%clk 00:03:14]} {[%emt 00:00:23]} Kd8 {[%clk
00:00:33]} {[%emt 00:00:41]} 42. Rb6 {[%clk 00:01:37]} {[%emt 00:02:07]} b4
{[%clk 00:14:45]} {[%emt 00:16:18]} 43. axb4 {[%clk 00:31:33]} {[%emt
00:00:34]} a4 {[%clk 00:09:18]} {[%emt 00:05:57]} 44. Rd6+ {[%clk 00:30:05]}
{[%emt 00:01:58]} Kc7 {[%clk 00:08:59]} {[%emt 00:00:48]} 45. b5 {[%clk
00:30:15]} {[%emt 00:00:21]} Kc8 {[%clk 00:05:28]} {[%emt 00:04:01]} 46. b6
{[%clk 00:30:10]} {[%emt 00:00:34]} Re7 {[%clk 00:04:04]} {[%emt 00:01:54]} 47.
b7+ {[%clk 00:30:15]} {[%emt 00:00:25]} Rxb7 {[%clk 00:02:38]} {[%emt
00:01:57]} 48. Bxb7+ {[%clk 00:30:39]} {[%emt 00:00:06]} Kxb7 {[%clk 00:03:06]}
{[%emt 00:00:02]} 49. Rd7+ {[%clk 00:30:56]} {[%emt 00:00:14]} Kb6 {[%clk
00:03:09]} {[%emt 00:00:27]} 50. Rxf7 {[%clk 00:31:18]} {[%emt 00:00:06]} a3
{[%clk 00:03:05]} {[%emt 00:00:35]} 51. Ke4 {[%emt 00:01:28]} 1-0

[Event "European Women's Chess Club Cup 2023"]
[Site "Durres, Albania"]
[Date "2023.10.06"]
[Round "6.27"]
[White "Iglesias, Yosha"]
[Black "Yao, Lan"]
[Result "0-1"]
[TimeControl "90' + 30' & 30\""]
[WhiteElo "2259"]
[BlackElo "2311"]

1. d4 {[%clk 01:30:56]} {[%emt 00:00:03]} Nf6 {[%clk 01:30:47]} {[%emt
00:00:14]} 2. Bf4 {[%clk 01:31:10]} {[%emt 00:00:15]} d5 {[%clk 01:30:43]}
{[%emt 00:00:35]} 3. Nf3 {[%clk 01:31:27]} {[%emt 00:00:13]} c5 {[%clk
01:30:20]} {[%emt 00:00:53]} 4. e3 {[%clk 01:31:44]} {[%emt 00:00:13]} Nc6
{[%clk 01:30:35]} {[%emt 00:00:15]} 5. Nbd2 {[%clk 01:32:07]} {[%emt 00:00:07]}
Qb6 {[%clk 01:29:57]} {[%emt 00:01:08]} 6. dxc5 {[%clk 01:30:13]} {[%emt
00:02:23]} Qxb2 {[%clk 01:30:05]} {[%emt 00:00:23]} 7. Rb1 {[%clk 01:30:32]}
{[%emt 00:00:11]} Qc3 {[%clk 01:29:30]} {[%emt 00:01:04]} 8. Bb5 {[%clk
01:30:36]} {[%emt 00:00:26]} e6 {[%clk 01:27:08]} {[%emt 00:02:52]} 9. O-O
{[%clk 01:23:04]} {[%emt 00:08:02]} Be7 {[%clk 01:27:00]} {[%emt 00:00:38]} 10.
e4 {[%clk 01:21:35]} {[%emt 00:01:59]} O-O {[%clk 01:26:16]} {[%emt 00:01:14]}
11. e5 {[%clk 01:20:19]} {[%emt 00:01:46]} Nd7 {[%clk 01:26:28]} {[%emt
00:00:19]} 12. Nb3 {[%clk 01:19:05]} {[%emt 00:01:43]} Qb4 {[%clk 01:26:01]}
{[%emt 00:00:57]} 13. Nbd4 {[%clk 01:18:30]} {[%emt 00:01:05]} Qxc5 {[%clk
01:25:05]} {[%emt 00:01:27]} 14. Bd3 {[%clk 01:16:37]} {[%emt 00:02:23]} Nxd4
{[%clk 01:23:44]} {[%emt 00:01:51]} 15. Nxd4 {[%clk 01:16:59]} {[%emt
00:00:07]} g6 {[%clk 01:19:24]} {[%emt 00:04:50]} 16. Nf3 {[%clk 01:10:18]}
{[%emt 00:07:12]} Qc7 {[%clk 01:16:33]} {[%emt 00:03:21]} 17. Qd2 {[%clk
01:09:15]} {[%emt 00:01:32]} Re8 {[%clk 01:13:35]} {[%emt 00:03:28]} 18. Rfe1
{[%clk 01:08:27]} {[%emt 00:01:18]} Nc5 {[%clk 01:09:20]} {[%emt 00:04:46]} 19.
Bg5 {[%clk 01:07:04]} {[%emt 00:01:52]} b6 {[%clk 01:01:07]} {[%emt 00:08:44]}
20. Qf4 {[%clk 00:45:49]} {[%emt 00:21:44]} f5 {[%clk 00:54:43]} {[%emt
00:06:55]} 21. Qh4 {[%clk 00:40:34]} {[%emt 00:05:44]} Bxg5 {[%clk 00:51:42]}
{[%emt 00:03:31]} 22. Nxg5 {[%clk 00:40:59]} {[%emt 00:00:05]} Qg7 {[%clk
00:50:44]} {[%emt 00:01:28]} 23. Bb5 {[%clk 00:34:19]} {[%emt 00:07:11]} Bd7
{[%clk 00:49:59]} {[%emt 00:01:14]} 24. c4 {[%clk 00:34:40]} {[%emt 00:00:10]}
Bxb5 {[%clk 00:45:40]} {[%emt 00:04:49]} 25. Rxb5 {[%clk 00:35:04]} {[%emt
00:00:05]} dxc4 {[%clk 00:44:13]} {[%emt 00:01:57]} 26. Qxc4 {[%clk 00:34:02]}
{[%emt 00:01:32]} Rac8 {[%clk 00:44:09]} {[%emt 00:00:33]} 27. h4 {[%clk
00:32:21]} {[%emt 00:02:12]} h6 {[%clk 00:33:00]} {[%emt 00:11:39]} 28. Nf3
{[%clk 00:32:15]} {[%emt 00:00:36]} Qd7 {[%clk 00:23:49]} {[%emt 00:09:42]} 29.
Ra1 {[%clk 00:29:14]} {[%emt 00:03:31]} Ne4 {[%clk 00:23:43]} {[%emt 00:00:36]}
30. Qb3 {[%clk 00:24:46]} {[%emt 00:04:57]} Rc3 {[%clk 00:23:25]} {[%emt
00:00:48]} 31. Qb2 {[%clk 00:23:20]} {[%emt 00:01:57]} Rec8 {[%clk 00:23:29]}
{[%emt 00:00:25]} 32. Rf1 {[%clk 00:21:01]} {[%emt 00:02:49]} Rc2 {[%clk
00:21:36]} {[%emt 00:02:23]} 33. Qb1 {[%clk 00:17:01]} {[%emt 00:04:31]} Nxf2
{[%clk 00:18:46]} {[%emt 00:03:19]} 0-1